La Red de Bibliotecas de la Diputación Provincial de Barcelona /
Descripción Física:
36 pàgines : il·lustracions ; 32 cm
Materias:
Biblioteques públiques -- Barcelona (Catalunya : Província)
; Bibliobusos -- Barcelona (Catalunya : Província)
Idioma:
Español
MARC
| LEADER | 00000nam a2200000Ia 4500 | ||
|---|---|---|---|
| 001 | 8034 | ||
| 003 | Arxiu | ||
| 005 | 20260324175228.0 | ||
| 008 | 160829s1975 spcaxx s spa c | ||
| 040 | |a AGDB | ||
| 080 | |a FU-22-12 | ||
| 100 | 1 | |9 29214 |a Guilleumas, Rosalia, |d 1924-2007 | |
| 245 | 1 | 3 | |a La Red de Bibliotecas de la Diputación Provincial de Barcelona / |c Rosalia Guilleumas |
| 260 | |a Barcelona : |b (Imp. Casa Caritat), |c 1975 | ||
| 300 | |a 36 pàgines : |b il·lustracions ; |c 32 cm | ||
| 650 | 0 | |a Biblioteques públiques |x Barcelona (Catalunya : Província) |9 49209 | |
| 650 | 0 | |a Bibliobusos |9 30563 |z Barcelona (Catalunya : Província) | |
| 901 | |a Arxiu | ||
| 942 | |n 1 |2 udc |c ARXIU | ||
| 952 | |0 0 |1 0 |4 0 |6 FU2212 |7 1 |9 42063 |a Arxiu |b Arxiu |d 2016-12-01 |l 0 |o FU-22-12 |p 8034 |r 2016-12-01 00:00:00 |w 2016-12-01 |y ARXIU | ||
| 999 | |c 44510 |d 44510 | ||